Disfruta de tu trabajo: cómo disfrutar del trabajo que tienes, cómo encontrar un trabajo del que puedas disfrutar. Reflexiones, anécdotas y ejercicios prácticos para buenos y malos tiempos
محفوظ في:
| المؤلفون الرئيسيون: | , |
|---|---|
| التنسيق: | كتاب |
| اللغة: | الإسبانية |
| منشور في: |
Barcelona
Gedisa Editorial
1995
|
| الطبعة: | 1a. ed |
| سلاسل: | Divulgación y Autoayuda
|
| الموضوعات: | |
| الوسوم: |
إضافة وسم
لا توجد وسوم, كن أول من يضع وسما على هذه التسجيلة!
|
MARC
| LEADER | 00000cam a2200000 a 4500 | ||
|---|---|---|---|
| 001 | UCD6859 | ||
| 003 | CL-VaPUC | ||
| 008 | 170226e19950600sp |||||||||||||||||spa|d | ||
| 020 | |a 8474325706 | ||
| 082 | 0 | 4 | |a 658.402 |b POW |2 21 |
| 100 | 0 | |a Powers, Paul |e author |9 590708 | |
| 700 | 0 | |a Russell, Deborah |e author |9 590709 | |
| 245 | 1 | 0 | |a Disfruta de tu trabajo: cómo disfrutar del trabajo que tienes, cómo encontrar un trabajo del que puedas disfrutar. Reflexiones, anécdotas y ejercicios prácticos para buenos y malos tiempos |
| 250 | |a 1a. ed | ||
| 300 | |a 280 p | ||
| 942 | |c BK | ||
| 945 | |d 20170226 00:48:00 |a arojas | ||
| 260 | |a Barcelona |b Gedisa Editorial |c 1995 | ||
| 650 | 0 | |a Trabajo |9 313876 | |
| 650 | 7 | |a SATISFACCION LABORAL |2 CL-VaPUC |9 590710 | |
| 650 | 0 | |a Ambiente laboral |9 412268 | |
| 650 | 7 | |a CONDUCTA ORGANIZACIONAL |2 CL-VaPUC |9 263671 | |
| 583 | |a last modification |c 20170226 00:48:00 |k Rodrigo Vera | ||
| 490 | 0 | |a Divulgación y Autoayuda | |
| 999 | |c 367036 |d 367034 | ||
| 952 | |0 0 |1 0 |3 erb |4 0 |6 658_402000000000000_POW_1995 |7 0 |8 A |9 481718 |a BIBENE |b BIBENE |i 5327296 |l 1 |o 658.402 POW 1995 |p 5327296 |r 2025-01-15 |s 2024-11-25 |w 2019-11-24 |y BK |z Catalogado en:20170226 |k ICO | ||